[Event "Aeroflot Open A 2018"]
[Site "Moscow RUS"]
[Date "2018.02.23"]
[Round "4.11"]
[White "Aravindh, Chithambaram VR."]
[Black "Xu, Yi"]
[Result "1/2-1/2"]
[WhiteTitle "GM"]
[BlackTitle "IM"]
[WhiteElo "2617"]
[BlackElo "2490"]
[WhiteFideId "5072786"]
[BlackFideId "8605564"]
[EventDate "2018.02.20"]

1. d4 Nf6 2. c4 e6 3. Nf3 d5 4. Nc3 Bb4 5. Bg5 h6 6. Bxf6 Qxf6 7. Qa4+ Nc6 8. e3
O-O 9. Be2 Bd7 10. Qb3 dxc4 11. Qxc4 Qg6 12. O-O Bd6 13. Rac1 Na5 14. Qd3 Qxd3
15. Bxd3 Nc6 16. Rfd1 Rfd8 17. Be2 Be8 18. Nd2 Nb4 19. Nde4 Bf8 20. a3 Nd5 21.
Nxd5 exd5 22. Nc5 Bxc5 23. Rxc5 c6 24. f3 f6 25. Kf2 a5 26. Bd3 Kf8 27. h4 a4
28. g4 Ke7 29. Re1 Bf7 30. Ke2 Be6 31. Kd2 Kd6 32. Bf5 Bf7 33. Bd3 Be6 34. Rg1
b6 35. Rcc1 c5 36. Rg2 Rdc8 37. Rgg1 Rc7 38. Rc2 Rac8 39. Rgc1 Bd7 40. Rc3 cxd4
41. exd4 Rxc3 42. Rxc3 Rh8 43. Bg6 f5 44. gxf5 Rf8 45. Rc1 Bxf5 46. Rg1 Ke6 47.
Ke3 Rg8 48. Kf4 Rf8 49. Ke3 Rc8 50. Bxf5+ Kxf5 51. Rxg7 Rc2 52. Rd7 Ke6 53. Rh7
Rxb2 54. Kf4 Rb3 55. h5 Rd3 56. Rxh6+ Kf7 57. Rxb6 Rxd4+ 58. Kf5 Rd3 59. Rf6+
Kg7 60. Kg5 Rc3 61. h6+ Kh7 62. Rf7+ Kh8 63. Rf6 Kh7 64. Rf7+ Kh8 65. Kg6 Rc6+
66. Kf5 Rc3 67. Kg6 Rc6+ 68. Kg5 1/2-1/2

[Event "Aeroflot Open A 2018"]
[Site "Moscow RUS"]
[Date "2018.02.23"]
[Round "4.12"]
[White "Karavade, Eesha"]
[Black "Jumabayev, Rinat"]
[Result "1-0"]
[WhiteTitle "IM"]
[BlackTitle "GM"]
[WhiteElo "2386"]
[BlackElo "2614"]
[WhiteFideId "5012600"]
[BlackFideId "13702661"]
[EventDate "2018.02.20"]

1. e4 c5 2. Nf3 e6 3. b3 d6 4. Bb5+ Nc6 5. Bxc6+ bxc6 6. e5 dxe5 7. Nxe5 Qd5 8.
Nf3 Qe4+ 9. Kf1 Nf6 10. Nc3 Qf5 11. d3 Be7 12. Bb2 O-O 13. Qe2 Nd5 14. Ne4 f6
15. Nfd2 e5 16. Ba3 Nf4 17. Qf3 Qd7 18. Qe3 Qg4 19. Qf3 Qd7 20. Qe3 Ne6 21. Rc1
Qd5 22. Nc3 Qd8 23. Na4 f5 24. h4 Qc7 25. Nc4 e4 26. dxe4 f4 27. Qc3 f3 28. g3
Ba6 29. Re1 Rad8 30. h5 h6 31. Kg1 Nd4 32. Nxc5 Bc8 33. Ne3 Kh8 34. Qc4 Qe5 35.
Nd3 Qxe4 36. Bxe7 Qxe7 37. Rh4 Ne2+ 38. Kh2 Qg5 39. Qc5 Bf5 40. Ne5 Nxg3 41.
Nxf3 Ne4 42. Rxe4 Qxh5+ 43. Nh4 Rf6 44. Nxf5 Rd5 45. Qe7 Rdxf5 46. Qe8+ Kh7 47.
Qxh5 Rxh5 48. Kg2 Ra5 49. a4 1-0

[Event "Aeroflot Open A 2018"]
[Site "Moscow RUS"]
[Date "2018.02.23"]
[Round "4.13"]
[White "Pavlov, Sergey2"]
[Black "Wen, Yang"]
[Result "1/2-1/2"]
[WhiteTitle "IM"]
[BlackTitle "GM"]
[WhiteElo "2485"]
[BlackElo "2608"]
[WhiteFideId "14114330"]
[BlackFideId "8602956"]
[EventDate "2018.02.20"]

1. c4 e5 2. Nc3 Nf6 3. Nf3 Nc6 4. e3 g6 5. d4 d6 6. Be2 Bg7 7. O-O O-O 8. b3
exd4 9. Nxd4 Nxd4 10. exd4 Re8 11. Bf3 c6 12. Bf4 1/2-1/2

[Event "Aeroflot Open A 2018"]
[Site "Moscow RUS"]
[Date "2018.02.23"]
[Round "4.14"]
[White "Yakubboev, Nodirbek"]
[Black "Najer, Evgeniy"]
[Result "1/2-1/2"]
[WhiteTitle "IM"]
[BlackTitle "GM"]
[WhiteElo "2462"]
[BlackElo "2683"]
[WhiteFideId "14203987"]
[BlackFideId "4118987"]
[EventDate "2018.02.20"]

1. d4 Nf6 2. Nf3 g6 3. Nbd2 Bg7 4. e4 d6 5. Bd3 O-O 6. O-O Nc6 7. c3 e5 8. dxe5
Nxe5 9. Nxe5 dxe5 10. Nc4 Nd7 11. Be3 Qe7 12. b4 f5 13. Qb3 Kh8 14. exf5 gxf5
15. f4 e4 16. Be2 Qf7 17. Rad1 Nf6 18. Qc2 Be6 19. Ne5 Qe8 20. c4 Nd7 21. Nxd7
Bxd7 22. Bd4 Rg8 23. Qc3 Be6 24. Rd2 Qg6 25. g3 h5 26. Rfd1 h4 27. Bxg7+ Qxg7
28. Qxg7+ Kxg7 29. Kf2 hxg3+ 30. hxg3 Kf6 31. Rh1 Rh8 32. Rdd1 b6 33. Rdg1 a5
34. b5 Rag8 35. Rc1 Ke7 36. Rxh8 Rxh8 37. c5 Rh2+ 38. Ke3 Rg2 39. cxb6 cxb6 40.
Rc7+ Bd7 41. g4 fxg4 1/2-1/2

[Event "Aeroflot Open A 2018"]
[Site "Moscow RUS"]
[Date "2018.02.23"]
[Round "4.16"]
[White "Andreikin, Dmitry"]
[Black "Chigaev, Maksim"]
[Result "1-0"]
[WhiteTitle "GM"]
[BlackTitle "GM"]
[WhiteElo "2712"]
[BlackElo "2560"]
[WhiteFideId "4158814"]
[BlackFideId "4108116"]
[EventDate "2018.02.20"]

1. d4 Nf6 2. c4 e6 3. Nf3 b6 4. g3 Bb7 5. Bg2 Bb4+ 6. Bd2 Be7 7. Nc3 Ne4 8. d5
Nxc3 9. Bxc3 Bf6 10. Rc1 d6 11. O-O Bxc3 12. Rxc3 e5 13. Nd2 O-O 14. f4 Nd7 15.
f5 a5 16. b3 Nf6 17. Ne4 h6 18. g4 Nxe4 19. Bxe4 f6 20. h4 Kf7 21. Qd2 Rh8 22.
Kf2 Ke7 23. Rg1 Kd7 24. a3 Qe7 25. Qb2 c5 26. dxc6+ Bxc6 27. Bxc6+ Kxc6 28. Qd2
Kc7 29. Qd5 Qd7 30. Rd1 Rhd8 31. Qe4 Qc6 32. Rd5 Rd7 33. Rcd3 Rc8 34. b4 axb4
35. axb4 Kb8 36. Qe3 Qxc4 37. Qxb6+ Rb7 38. Qxd6+ Rcc7 39. Qd8+ Rc8 40. Qd6+
Rcc7 41. Rc5 Qf4+ 42. Rf3 Qxb4 43. Qd8+ Ka7 44. Rxc7 Qb6+ 45. Kg2 Qxc7 46. Ra3+
Kb6 47. Qd5 1-0

[Event "Aeroflot Open A 2018"]
[Site "Moscow RUS"]
[Date "2018.02.23"]
[Round "4.17"]
[White "Inarkiev, Ernesto"]
[Black "Esipenko, Andrey"]
[Result "1/2-1/2"]
[WhiteTitle "GM"]
[BlackTitle "FM"]
[WhiteElo "2684"]
[BlackElo "2571"]
[WhiteFideId "4162722"]
[BlackFideId "24175439"]
[EventDate "2018.02.20"]

1. e4 c6 2. d4 d5 3. e5 Bf5 4. Nf3 e6 5. Be2 Ne7 6. O-O c5 7. c4 Nbc6 8. dxc5
dxc4 9. Bxc4 Qxd1 10. Rxd1 Rd8 11. Rxd8+ Kxd8 12. Nc3 Ng6 13. Be3 Ngxe5 14. Nxe5
Nxe5 15. Be2 Be7 16. f4 Nc6 17. g4 Bg6 18. Rd1+ Kc8 19. a3 Bc2 20. Rd2 Bb3 21.
Kf2 Rd8 22. Rxd8+ Kxd8 23. g5 e5 24. fxe5 Nxe5 25. Nb5 a6 26. Nd4 Bd5 27. Nf5
Bf8 28. b4 f6 29. Bd4 a5 30. Bc3 axb4 31. axb4 Kc7 32. Ne3 Bc6 33. Bd4 Be7 34.
Kg3 Kd7 35. h4 Ke6 36. Bd1 Nd3 37. Bb3+ Kd7 38. gxf6 Bxf6 39. Bxf6 gxf6 40. Bc2
Nxb4 41. Bxh7 Na6 42. h5 Nxc5 43. h6 Ke7 44. Bg8 Ne4+ 45. Kf4 Ng5 46. Nd5+ Bxd5
47. Bxd5 Nf7 48. h7 Kf8 49. Bxf7 1/2-1/2

[Event "Aeroflot Open A 2018"]
[Site "Moscow RUS"]
[Date "2018.02.23"]
[Round "4.19"]
[White "Narayanan, S.L."]
[Black "Sargissian, Gabriel"]
[Result "0-1"]
[WhiteTitle "GM"]
[BlackTitle "GM"]
[WhiteElo "2573"]
[BlackElo "2677"]
[WhiteFideId "5058422"]
[BlackFideId "13300881"]
[EventDate "2018.02.20"]

1. d4 Nf6 2. c4 e6 3. Nf3 d5 4. Nc3 Be7 5. Bf4 O-O 6. e3 Nbd7 7. Qc2 c5 8. Rd1
Qa5 9. Nd2 cxd4 10. exd4 Nb8 11. c5 Nc6 12. Nb3 Qd8 13. Bb5 Bd7 14. O-O a6 15.
Bxc6 Bxc6 16. Rfe1 b6 17. Rd3 a5 18. cxb6 Qxb6 19. Rh3 Ne4 20. Nc5 Rfc8 21.
N3xe4 dxe4 22. Rc3 Bd5 23. Rc1 Re8 24. h3 a4 25. Be3 Qb5 26. a3 f5 27. Bf4 Bf6
28. Qd2 Ra7 29. R3c2 h6 30. Be5 Bxe5 31. dxe5 Kh7 32. Qd4 Raa8 33. Qe3 Rf8 34.
h4 Qe8 35. Qf4 Qf7 36. Rc3 Rfb8 37. R1c2 Ra7 38. Rd2 Qh5 39. Qe3 Rf7 40. Qf4 g5
41. hxg5 hxg5 42. Qe3 Kg6 43. f4 exf3 44. gxf3 Rh7 45. Kf1 Qh1+ 46. Qg1 Bc4+ 47.
Rxc4 Qxf3+ 48. Rf2 Qd1+ 49. Kg2 Qd5+ 50. Re4 Qxc5 0-1

[Event "Aeroflot Open A 2018"]
[Site "Moscow RUS"]
[Date "2018.02.23"]
[Round "4.20"]
[White "Sasikiran, Krishnan"]
[Black "Triapishko, Alexandr"]
[Result "1/2-1/2"]
[WhiteTitle "GM"]
[BlackTitle "IM"]
[WhiteElo "2671"]
[BlackElo "2530"]
[WhiteFideId "5004985"]
[BlackFideId "14122286"]
[EventDate "2018.02.20"]

1. e4 e5 2. Nf3 Nc6 3. Bb5 Nge7 4. Nc3 d6 5. d4 a6 6. Be2 Nxd4 7. Nxd4 exd4 8.
Qxd4 Nc6 9. Qd3 Nb4 10. Qd1 g6 11. a3 Nc6 12. Be3 Bg7 13. Qd2 Be6 14. O-O O-O
15. Rae1 Qd7 16. Nd5 Bxd5 17. exd5 Ne7 18. Bd4 Nf5 19. Bxg7 Nxg7 20. Qb4 a5 21.
Qc3 Rfe8 22. h3 h5 23. Bd3 Rxe1 24. Rxe1 b6 25. b4 axb4 26. axb4 Re8 27. Ra1 Qe7
28. Bb5 Qe5 29. Qxe5 Rxe5 30. Ra8+ Kh7 31. Rf8 Rxd5 32. Bd3 1/2-1/2

[Event "Aeroflot Open A 2018"]
[Site "Moscow RUS"]
[Date "2018.02.23"]
[Round "4.21"]
[White "Piorun, Kacper"]
[Black "Shevchenko, Kirill"]
[Result "1-0"]
[WhiteTitle "GM"]
[BlackTitle "GM"]
[WhiteElo "2659"]
[BlackElo "2538"]
[WhiteFideId "1130420"]
[BlackFideId "14129574"]
[EventDate "2018.02.20"]

1. e4 e5 2. Nf3 Nc6 3. Bb5 a6 4. Ba4 Nf6 5. O-O Be7 6. Re1 b5 7. Bb3 d6 8. c3
O-O 9. h3 Nb8 10. d4 Nbd7 11. c4 c6 12. a3 bxc4 13. Bxc4 Nxe4 14. dxe5 d5 15.
Ba2 Bb7 16. Nc3 Ndc5 17. Rb1 Re8 18. Be3 Bf8 19. Qc2 a5 20. Red1 Rc8 21. Rd4
Nxc3 22. bxc3 Ba6 23. c4 Ne6 24. Rdd1 Qe7 25. a4 Bxc4 26. Bxc4 dxc4 27. Qxc4
Red8 28. Rxd8 Qxd8 29. Bb6 Qd5 30. Qxd5 cxd5 31. Rb5 d4 32. Rxa5 Rc1+ 33. Kh2
Rc4 34. Ra8 d3 35. a5 Rb4 36. Be3 Ra4 37. Ng5 Nd4 38. a6 f6 39. e6 Nf5 40. Bc5
g6 41. Bxf8 1-0

[Event "Aeroflot Open A 2018"]
[Site "Moscow RUS"]
[Date "2018.02.23"]
[Round "4.22"]
[White "Sjugirov, Sanan"]
[Black "Nihal, Sarin"]
[Result "1/2-1/2"]
[WhiteTitle "GM"]
[BlackTitle "IM"]
[WhiteElo "2652"]
[BlackElo "2532"]
[WhiteFideId "4189302"]
[BlackFideId "25092340"]
[EventDate "2018.02.20"]

1. c4 c5 2. Nf3 Nc6 3. Nc3 Nf6 4. g3 d5 5. d4 cxd4 6. Nxd4 dxc4 7. Nxc6 Qxd1+ 8.
Nxd1 bxc6 9. Bg2 Nd5 10. Ne3 e6 11. Nxc4 Ba6 12. b3 Bb4+ 13. Bd2 Ke7 14. Rc1
Rac8 15. Bxb4+ Nxb4 16. a3 Nd5 17. f4 c5 18. Kf2 Bxc4 19. Rxc4 Nb6 20. Rc2 c4
21. b4 Rc7 22. Rhc1 Rhc8 23. Bf1 f6 24. e3 Rc6 25. h4 R6c7 26. Kf3 Rc6 27. Be2
R6c7 28. Bd3 h6 29. Bf1 Rc6 30. Be2 R8c7 31. Bf1 Rc8 32. Ke4 R6c7 33. g4 Rc6 34.
Be2 R6c7 35. Bf1 Rc6 36. Be2 R6c7 37. Kf3 Kf7 38. Bf1 Ke7 39. h5 Rc6 40. Ke4
R6c7 41. Kf3 Kf7 42. Ra1 Na4 43. Rb1 Nb6 44. Rbc1 Rc6 45. Ra1 Na4 46. Rb1 Nb6
47. Rbc1 R6c7 48. Be2 Rc6 49. Rg1 Rd8 50. Ra1 Rdc8 51. a4 a6 52. e4 R8c7 53. Ke3
e5 54. Rac1 Nxa4 55. Rxc4 Rxc4 56. Rxc4 Rxc4 57. Bxc4+ Ke7 58. Bxa6 Nb6 59. Bb5
Nc8 60. Bc4 Nb6 61. Bg8 Kd6 62. fxe5+ fxe5 63. Kd3 Kd7 64. Kc3 Kd6 65. Bf7 Ke7
66. Bg6 Kd6 67. Kb3 Kc6 68. Be8+ Kd6 69. Ba4 Kc7 70. Bb5 Kd6 71. Be8 Ke7 72. Bg6
Kd6 73. b5 Kc5 74. Be8 Nc4 75. Ka4 Nd6 76. Bc6 Nc4 77. Be8 Nd6 78. Bc6 Nc4 79.
Be8 Nd6 80. Bc6 1/2-1/2

[Event "Aeroflot Open A 2018"]
[Site "Moscow RUS"]
[Date "2018.02.23"]
[Round "4.23"]
[White "Bluebaum, Matthias"]
[Black "Hakobyan, Aram"]
[Result "1/2-1/2"]
[WhiteTitle "GM"]
[BlackTitle "IM"]
[WhiteElo "2635"]
[BlackElo "2497"]
[WhiteFideId "24651516"]
[BlackFideId "13306677"]
[EventDate "2018.02.20"]

1. d4 e6 2. c4 b6 3. e4 Bb7 4. Bd3 Nc6 5. Ne2 g6 6. Nbc3 Bg7 7. Be3 Nge7 8. O-O
O-O 9. Qd2 d5 10. cxd5 exd5 11. e5 f6 12. exf6 Bxf6 13. Rae1 Qd7 14. Bg5 Bh8 15.
Bb5 Nf5 16. Ba4 Rf7 17. Bf4 Qd8 18. Bg5 Qd6 19. Bf4 Qd8 20. Bg5 Qd6 21. Bf4 1/2-1/2

[Event "Aeroflot Open A 2018"]
[Site "Moscow RUS"]
[Date "2018.02.23"]
[Round "4.24"]
[White "Petrosyan, Manuel"]
[Black "Zvjaginsev, Vadim"]
[Result "1/2-1/2"]
[WhiteTitle "GM"]
[BlackTitle "GM"]
[WhiteElo "2569"]
[BlackElo "2629"]
[WhiteFideId "13300857"]
[BlackFideId "4113403"]
[EventDate "2018.02.20"]

1. d4 d5 2. c4 e6 3. Nc3 a6 4. cxd5 exd5 5. Nf3 Nf6 6. Bg5 Be6 7. e3 Nbd7 8. h3
Bd6 9. Bd3 Qb8 10. Bf4 c5 11. Bxd6 Qxd6 12. dxc5 Nxc5 13. O-O O-O 14. Rc1 Qb6
15. b3 Rac8 16. Bb1 Nce4 17. Ne2 Bd7 18. Qd4 Qxd4 19. Nfxd4 Nd2 20. Rfd1 Nxb1
21. Rxc8 Rxc8 22. Rxb1 b6 23. f3 Kf8 24. Kf2 Ke7 25. Rc1 Rc5 26. h4 Kd6 27. Ke1
Ng8 28. Kd2 Ne7 29. Nf4 h6 30. Rc3 Ra5 31. a4 Rc5 32. Nd3 Rxc3 33. Kxc3 Ng6 34.
g3 Ne7 35. Nb4 a5 36. Nd3 1/2-1/2

[Event "Aeroflot Open A 2018"]
[Site "Moscow RUS"]
[Date "2018.02.23"]
[Round "4.25"]
[White "Zhigalko, Sergei"]
[Black "Repka, Christopher"]
[Result "1/2-1/2"]
[WhiteTitle "GM"]
[BlackTitle "IM"]
[WhiteElo "2625"]
[BlackElo "2513"]
[WhiteFideId "13502956"]
[BlackFideId "14918781"]
[EventDate "2018.02.20"]

1. e4 e6 2. d4 d5 3. Nc3 Nf6 4. e5 Nfd7 5. f4 c5 6. Nf3 Nc6 7. Be3 Be7 8. dxc5
Nxc5 9. Qd2 O-O 10. O-O-O b6 11. Kb1 Bb7 12. Qe1 Qc8 13. Nd4 Ne4 14. Nxe4 dxe4
15. g3 Nb4 16. a3 Nd5 17. Bc1 Rd8 18. c4 Nc7 19. Bg2 Na6 20. Bxe4 Bxe4+ 21. Qxe4
Qxc4 22. b3 Qc8 23. Qc6 1/2-1/2

[Event "Aeroflot Open A 2018"]
[Site "Moscow RUS"]
[Date "2018.02.23"]
[Round "4.26"]
[White "Alekseenko, Kirill"]
[Black "Yuffa, Daniil"]
[Result "1-0"]
[WhiteTitle "GM"]
[BlackTitle "GM"]
[WhiteElo "2609"]
[BlackElo "2521"]
[WhiteFideId "4135539"]
[BlackFideId "24131423"]
[EventDate "2018.02.20"]

1. d4 d5 2. Bf4 Nf6 3. e3 c5 4. c3 Nc6 5. Nd2 Bf5 6. Ngf3 e6 7. Be2 h6 8. O-O
Qb6 9. Qa4 Rc8 10. dxc5 Bxc5 11. Nb3 O-O 12. Nxc5 Qxc5 13. Nd4 Bg4 14. Bxg4 Nxg4
15. Nxc6 Qxc6 16. Qd4 Qb6 17. Qd1 Nf6 18. Qe2 Rfe8 19. Be5 Nd7 20. Bg3 Rc4 21.
Rfd1 Qc6 22. Rac1 Rc8 23. f3 Qa6 24. e4 Nb6 25. Bf2 dxe4 26. fxe4 Qxa2 27. Ra1
Qb3 28. Bd4 R4c6 29. Rf1 Nc4 30. Bxg7 Kxg7 31. Qg4+ Kh8 32. Rxf7 Rg8 33. Qh4
Rxg2+ 34. Kxg2 Qxb2+ 35. Rf2 Ne3+ 36. Kh3 1-0

[Event "Aeroflot Open A 2018"]
[Site "Moscow RUS"]
[Date "2018.02.23"]
[Round "4.27"]
[White "Tari, Aryan"]
[Black "Mikaelyan, Arman"]
[Result "1-0"]
[WhiteTitle "GM"]
[BlackTitle "GM"]
[WhiteElo "2597"]
[BlackElo "2486"]
[WhiteFideId "1510045"]
[BlackFideId "13304852"]
[EventDate "2018.02.20"]

1. e4 e5 2. Nf3 Nc6 3. Bb5 a6 4. Ba4 Nf6 5. O-O Be7 6. Re1 b5 7. Bb3 O-O 8. c3
d5 9. exd5 Nxd5 10. Nxe5 Nxe5 11. Rxe5 c6 12. d4 Bd6 13. Re1 Qh4 14. g3 Qh3 15.
Re4 g5 16. Qf1 Qh5 17. Nd2 f5 18. Bd1 Qh6 19. Re1 f4 20. Ne4 Bc7 21. Bd2 Bf5 22.
Nc5 Rf7 23. Bf3 fxg3 24. fxg3 Raf8 25. Qe2 Bh3 26. Bh1 Rf2 27. Qxf2 Rxf2 28.
Kxf2 Qg6 29. Be4 Bf5 30. Kg1 h5 31. Bxf5 Qxf5 32. Re8+ Kh7 33. Rf1 Qc2 34. Ne4
Kg7 35. Bxg5 Qxb2 36. Re6 Bd8 37. Bh6+ Kg8 38. Rf8+ Kh7 39. Rf7+ 1-0

[Event "Aeroflot Open A 2018"]
[Site "Moscow RUS"]
[Date "2018.02.23"]
[Round "4.28"]
[White "Lomasov, Semen"]
[Black "Predke, Alexandr"]
[Result "0-1"]
[WhiteTitle "IM"]
[BlackTitle "GM"]
[WhiteElo "2530"]
[BlackElo "2595"]
[WhiteFideId "24164879"]
[BlackFideId "24107581"]
[EventDate "2018.02.20"]

1. d4 Nf6 2. c4 e6 3. g3 Bb4+ 4. Bd2 Bxd2+ 5. Qxd2 O-O 6. Bg2 d5 7. Nf3 c6 8.
Nc3 Nbd7 9. O-O dxc4 10. a4 a5 11. Rfd1 Qc7 12. Rac1 Re8 13. Qf4 Qxf4 14. gxf4
Nd5 15. e3 N7b6 16. Ra1 Nxc3 17. bxc3 Nd5 18. Rdc1 b5 19. Nd2 f5 20. Nf3 Bd7 21.
Ne5 Re7 22. Rab1 Be8 23. Kf1 Raa7 24. Ke1 Rec7 25. Bxd5 exd5 26. Rb2 Rcb7 27.
Rcb1 Rb6 28. Kd2 Rab7 29. h4 Kf8 30. Ra2 b4 31. Rab2 Rb8 32. Kc2 Ke7 33. Rg1 Kf6
34. Rgb1 R6b7 35. Nf3 Ke7 36. Ra1 Kd6 37. Rbb1 Bh5 38. Ne5 c5 39. dxc5+ Kxc5 40.
cxb4+ axb4 41. a5 Ra7 42. a6 Be8 43. Ra5+ Bb5 44. h5 Rd8 45. h6 gxh6 46. Rh1 Rd6 0-1

[Event "Aeroflot Open A 2018"]
[Site "Moscow RUS"]
[Date "2018.02.23"]
[Round "4.30"]
[White "Svane, Rasmus"]
[Black "Raja, Harshit"]
[Result "1/2-1/2"]
[WhiteTitle "GM"]
[BlackTitle "IM"]
[WhiteElo "2586"]
[BlackElo "2448"]
[WhiteFideId "4657101"]
[BlackFideId "5089000"]
[EventDate "2018.02.20"]

1. c4 Nf6 2. Nc3 e5 3. Nf3 Nc6 4. g3 d5 5. cxd5 Nxd5 6. Bg2 Nb6 7. O-O Be7 8.
Rb1 a5 9. d3 Be6 10. Be3 Nd5 11. Nxd5 Bxd5 12. Qa4 O-O 13. Rbc1 Re8 14. a3 Bf8
15. Rc3 Nb4 16. Qb5 c6 17. Qb6 Qb8 18. axb4 axb4 19. Rc5 Ra6 20. Qxb4 b6 21.
Nxe5 Bxc5 22. Bxc5 Qxe5 23. Be3 Bxg2 24. Kxg2 Ra2 25. Qxb6 Rxb2 26. Qxc6 Rxe2
27. Kg1 Ra2 28. d4 Qe6 29. Qxe6 Rxe6 30. Rc1 f6 31. h4 Kf7 32. Rc5 Ra7 33. Kg2
Rd7 34. Kf3 h6 35. g4 Red6 36. Ke4 1/2-1/2

[Event "Aeroflot Open A 2018"]
[Site "Moscow RUS"]
[Date "2018.02.23"]
[Round "4.31"]
[White "Gagare, Shardul"]
[Black "Tabatabaei, M.amin"]
[Result "0-1"]
[WhiteTitle "GM"]
[BlackTitle "IM"]
[WhiteElo "2494"]
[BlackElo "2577"]
[WhiteFideId "5037883"]
[BlackFideId "12521213"]
[EventDate "2018.02.20"]

1. d4 e6 2. c4 b6 3. Nf3 Bb7 4. g3 Bb4+ 5. Bd2 Bxf3 6. exf3 Bxd2+ 7. Qxd2 Nf6 8.
Nc3 d5 9. cxd5 Nxd5 10. Nxd5 Qxd5 11. Qc3 Nc6 12. Bc4 Qa5 13. Qxa5 Nxa5 14. Ba6
Kd7 15. Rc1 Kd6 16. Bb5 a6 17. Bd3 Nc6 18. Rxc6+ Kxc6 19. Be4+ Kd6 20. Bxa8 Rxa8
21. Kd2 a5 22. f4 a4 23. Rc1 Ra5 24. Rc4 c6 25. h4 Kd5 26. Rc2 Rb5 27. Kc3 Ke4
28. b3 axb3 29. axb3 Ra5 30. Kb2 Kd5 31. Rc1 h5 32. Rc2 g6 33. Rc1 Ra7 34. Rc3
Ra6 35. f3 Kxd4 36. Rxc6 Ra7 37. g4 Ke3 38. gxh5 gxh5 39. f5 e5 40. Rc3+ Kf4 41.
f6 Rd7 42. b4 Rd6 43. b5 Rxf6 44. Rc6 Rg6 45. Rc7 f5 46. Rc6 Rg2+ 47. Kc3 Kxf3
48. Rxb6 e4 49. Re6 e3 50. b6 Rg7 51. Kd4 e2 0-1

[Event "Aeroflot Open A 2018"]
[Site "Moscow RUS"]
[Date "2018.02.23"]
[Round "4.32"]
[White "Sorokin, Aleksey"]
[Black "Vavulin, Maksim"]
[Result "0-1"]
[WhiteTitle "FM"]
[BlackTitle "IM"]
[WhiteElo "2511"]
[BlackElo "2575"]
[WhiteFideId "24176460"]
[BlackFideId "4169530"]
[EventDate "2018.02.20"]

1. d4 Nf6 2. c4 d6 3. Nf3 g6 4. Nc3 Bf5 5. Ng5 Bd7 6. e4 e5 7. d5 a5 8. f4 exf4
9. Be2 h6 10. Nf3 g5 11. h4 Rg8 12. hxg5 hxg5 13. g3 g4 14. Nh4 Nh5 15. Nf5 Bxf5
16. Rxh5 Bg6 17. Rh4 f3 18. Bd3 Bg7 19. Be3 Rh8 20. Rxh8+ Bxh8 21. c5 Be5 22.
Kf2 Nd7 23. cxd6 cxd6 24. Bb5 Kf8 25. Bxd7 Qxd7 26. Bd4 Qe7 27. Qd2 Kg7 28. Rh1
Rh8 29. Rxh8 Kxh8 30. Qd3 Kg8 31. Qc4 Qg5 32. Be3 Bxg3+ 33. Kxg3 Qxe3 34. Qc8+
Kg7 0-1

[Event "Aeroflot Open A 2018"]
[Site "Moscow RUS"]
[Date "2018.02.23"]
[Round "4.33"]
[White "Golubov, Saveliy"]
[Black "Mareco, Sandro"]
[Result "0-1"]
[WhiteTitle "IM"]
[BlackTitle "GM"]
[WhiteElo "2492"]
[BlackElo "2632"]
[WhiteFideId "24176729"]
[BlackFideId "112275"]
[EventDate "2018.02.20"]

1. d4 Nf6 2. Nf3 b6 3. c4 e6 4. a3 Bb7 5. Nc3 d5 6. cxd5 Nxd5 7. Qc2 Nxc3 8.
bxc3 Be7 9. e4 O-O 10. Bd3 c5 11. O-O Qc7 12. Qe2 Nd7 13. Ba6 Bxa6 14. Qxa6 Rfd8
15. a4 cxd4 16. cxd4 Qc2 17. Re1 Bb4 18. Qe2 Rac8 19. Bd2 Bxd2 20. Qxd2 Qxd2 21.
Nxd2 Rc2 22. Nb3 Rc3 23. Re3 Rdc8 24. a5 b5 25. d5 a6 26. Nd4 Rc1+ 27. Re1 Rxa1
28. Rxa1 exd5 29. exd5 Nf6 30. d6 Rc5 31. f3 g6 32. Nb3 Rd5 33. Rc1 Rxd6 34.
Rc8+ Kg7 35. Nc5 Rd1+ 36. Kf2 Rd2+ 37. Kg1 Ra2 38. Nxa6 Rxa5 39. Nb4 Ra4 40. Nd3
Rd4 41. Ne5 Rd5 42. f4 Ne4 43. g3 Nd6 44. Rb8 g5 45. Kf2 f6 46. Nc6 Rd2+ 47. Kf3
h5 48. fxg5 fxg5 49. h4 Rd3+ 50. Ke2 Rxg3 51. Nd4 Rg4 52. Ne6+ Kf6 53. Nxg5 Rxh4
54. Nf3 Rb4 55. Rh8 Nf5 56. Kf2 Rb2+ 57. Ke1 Ng3 58. Rg8 Ne4 59. Rh8 b4 60. Rf8+
Kg7 61. Rf4 Nc3 62. Nd4 Kg6 63. Rh4 Rg2 64. Rh3 Kg5 65. Kf1 Rd2 66. Nb3 Rd1+ 67.
Kf2 h4 68. Rh2 Ne4+ 69. Ke3 Ng3 70. Ra2 h3 71. Nd2 Nf1+ 72. Kd4 0-1

[Event "Aeroflot Open A 2018"]
[Site "Moscow RUS"]
[Date "2018.02.23"]
[Round "4.34"]
[White "Aleksandrov, Aleksej"]
[Black "Goryachkina, Aleksandra"]
[Result "0-1"]
[WhiteTitle "GM"]
[BlackTitle "WGM"]
[WhiteElo "2618"]
[BlackElo "2493"]
[WhiteFideId "13500139"]
[BlackFideId "4147103"]
[EventDate "2018.02.20"]

1. d4 d5 2. c4 c6 3. Nf3 Nf6 4. e3 Bf5 5. Nc3 e6 6. Nh4 Bg6 7. h3 Nbd7 8. Nxg6
hxg6 9. a3 Be7 10. b3 g5 11. Be2 Nf8 12. Bb2 Ng6 13. g3 Qd7 14. Qc2 a6 15. O-O-O
b5 16. Bd3 bxc4 17. bxc4 dxc4 18. Bxg6 fxg6 19. Qxg6+ Kf8 20. Qxg5 Rh5 21. Qg6
Ra5 22. Qc2 Rb8 23. Kd2 Rb3 24. Ke2 Qb7 25. Rb1 Bxa3 26. Bxa3+ Raxa3 27. Ne4 Ra2
28. Qxa2 Nxe4 29. Rxb3 cxb3 30. Qb2 Qb5+ 31. Kf3 Qd5 32. Re1 Ng5+ 33. Ke2 Qc4+
34. Kd1 Qd3+ 35. Kc1 Ne4 36. f3 Nc3 37. Qxb3 Ne2+ 38. Kb2 Qd2+ 39. Ka3 Qa5+ 40.
Kb2 Qxe1 41. Qxe6 Qc3+ 42. Kb1 Qc1+ 43. Ka2 Nc3+ 44. Kb3 Nd5 45. Qf5+ Kg8 46.
Qe6+ Kh7 47. Qf5+ Kh6 48. g4 Qxe3+ 49. Ka2 Qd2+ 0-1

[Event "Aeroflot Open A 2018"]
[Site "Moscow RUS"]
[Date "2018.02.23"]
[Round "4.35"]
[White "Oparin, Grigoriy"]
[Black "Salomon, Johan"]
[Result "1/2-1/2"]
[WhiteTitle "GM"]
[BlackTitle "GM"]
[WhiteElo "2607"]
[BlackElo "2503"]
[WhiteFideId "24125890"]
[BlackFideId "1509500"]
[EventDate "2018.02.20"]

1. e4 e5 2. Nf3 Nc6 3. Bb5 Nf6 4. d3 Bc5 5. Bg5 h6 6. Bh4 Be7 7. Nbd2 d6 8. c3
a6 9. Ba4 O-O 10. O-O Nh5 11. Bxe7 Qxe7 12. d4 b5 13. Bb3 Nf4 14. Re1 Na5 15.
Nf1 Nxb3 16. axb3 c5 17. dxc5 dxc5 18. Ne3 Bb7 19. Nf5 Qe6 20. Qd6 Rad8 21. Qc7
Rd7 22. Qxe5 Qxe5 23. Nxe5 Rd2 24. Red1 Rxd1+ 25. Rxd1 Bxe4 26. Ne3 Re8 27. Nd7
Nd3 28. Rd2 a5 29. h4 Re6 30. h5 f6 31. f3 Bh7 32. Nd5 c4 33. bxc4 bxc4 34. N7b6
Re5 35. g4 f5 36. gxf5 Bxf5 37. Nxc4 Rxd5 38. Ne3 Rb5 39. Nxf5 Nxb2 40. Rd8+ Kh7
41. Ng3 Rc5 42. Rd7 Kg8 43. Ra7 Rg5 44. Kh2 Nd3 45. Kh3 Rc5 46. Kh4 Nf2 47. Ne2
Nd1 48. Nf4 Rxc3 49. Ne6 a4 50. Rxg7+ Kh8 51. Rg6 a3 52. Rxh6+ Kg8 53. Rg6+ Kh8
54. Ng5 Rc4+ 55. Kh3 a2 56. Nf7+ Kh7 57. Ng5+ Kh8 58. Nf7+ Kh7 59. Ng5+ 1/2-1/2